00419nam a2200157Ia 4500008004100000020001500041082001500056100001700071245002400088250000700112260004500119300003000164500001900194600003300213650001500246240925s9999 xx 000 0 und d a8178293927 a808.02 OLI aOliver, Paul 0aWriting Your Thesis aNA aNew Delhi:bVistaar Publicationsc,2004. axxvii,653p.bNAfOriginal aIncludes Index aHumanities & Natural Science aLiterature